Wild Bill : The legend and life of William O. Douglas
Tell us the legend and life of William O. Douglas
Zapisane w:
| 1. autor: | |
|---|---|
| Format: | Książka |
| Język: | Undetermined |
| Wydane: |
New York
Random House
2003
|
| Hasła przedmiotowe: | |
| Etykiety: |
Dodaj etykietę
Nie ma etykietki, Dołącz pierwszą etykiete!
|
| Thư viện lưu trữ: | Trung tâm Học liệu Trường Đại học Cần Thơ |
|---|
| LEADER | 00750nam a2200241Ia 4500 | ||
|---|---|---|---|
| 001 | CTU_221901 | ||
| 008 | 210402s9999 xx 000 0 und d | ||
| 082 | |a 347.73 | ||
| 082 | |b M978 | ||
| 100 | |a Murphy, Bruce Allen | ||
| 245 | 0 | |a Wild Bill : | |
| 245 | 4 | |b The legend and life of William O. Douglas | |
| 245 | 0 | |c Bruce Allen Murphy | |
| 260 | |a New York | ||
| 260 | |b Random House | ||
| 260 | |c 2003 | ||
| 520 | |a Tell us the legend and life of William O. Douglas | ||
| 650 | |a Các thẩm phán,Douglas, William Orville,William Orville Douglas,Judges | ||
| 650 | |x Thư từ | ||
| 650 | |y 1898-1980,1898-1980 | ||
| 650 | |z Hoa Kỳ,United States | ||
| 904 | |i Nguyên | ||
| 980 | |a Trung tâm Học liệu Trường Đại học Cần Thơ | ||